000 00258nam a2200109Ia 4500
008 190919s9999||||xx |||||||||||||| ||und||
100 _aGreener,Michael
245 0 _aBusiness Dictionary
260 _aNew Jersey
_bThomson
_c1994
300 _a218
942 _cBK
999 _c11245
_d11245